The organization of innovation : East-West perspective

Na minha lista:
Detalhes bibliográficos
Formato: Livro
Idioma:Undetermined
Publicado em: Berlin Walter de Gruyer 1987
Assuntos:
Tags: Adicionar Tag
Sem tags, seja o primeiro a adicionar uma tag!
Thư viện lưu trữ: Trung tâm Học liệu Trường Đại học Cần Thơ
LEADER 00505nam a2200181Ia 4500
001 CTU_78066
008 210402s9999 xx 000 0 und d
082 |a 658.4 
082 |b O.68 
245 4 |a The organization of innovation : 
245 0 |b East-West perspective 
245 0 |c John Child, Paul Bate edited 
260 |a Berlin 
260 |b Walter de Gruyer 
260 |c 1987 
650 |a Technological innovations 
650 |x Management 
980 |a Trung tâm Học liệu Trường Đại học Cần Thơ